| 000 | 00860nam a2200229 a 4500 | ||
|---|---|---|---|
| 005 | 20210223123737.0 | ||
| 008 | 991125s1991 mx 000 0 spa u | ||
| 020 | _a968361678X | ||
| 035 | _aUPN01000059208 | ||
| 049 | _aCG | ||
| 050 | 4 |
_aHN120 Z3 _bD4.9 |
|
| 100 | 1 | _aDelgado Wise, Raúl | |
| 245 | 1 | 0 |
_aZacatecas : _bsociedad, economía, política y cultura / _cpor Raúl Delgado Wise, Víctor M. Figueroa Sepúlveda y Margarita Hoffner Long. |
| 260 |
_aMéxico : _bUNAM, Centro de Investigaciones Interdisciplinarias en Humanidades, _c1991. |
||
| 300 | _a195 p. | ||
| 440 | 0 | _aBiblioteca de las entidades federativas | |
| 651 | 4 |
_aZACATECAS - _xCONDICIONES ECONOMICAS _920555 |
|
| 651 | 4 |
_aZACATECAS - _xCONDICIONES SOCIALES _921504 |
|
| 700 | 1 |
_aFigueroa Sepúlveda, Víctor M., _ecoaut. |
|
| 700 | 1 |
_aHoffner Long, Margarita, _ecoaut. |
|
| 905 | _aLibro | ||
| 999 |
_c59208 _d59208 |
||